| 000 | 00738nam a2200217 i 4500 | ||
|---|---|---|---|
| 001 | 69820 | ||
| 003 | ES-MaACL | ||
| 005 | 20250829124024.0 | ||
| 007 | t| | ||
| 008 | 040712s1962 sp a |||| | spa d | ||
| 100 | 1 |
_aGarcía Hoz, Víctor. _954777 |
|
| 245 | 1 | 0 |
_aManual de tests para la escuela _b: tests de inteligencia y de instrucción / _cVíctor García Hoz. |
| 250 | _a2ª ed. | ||
| 260 |
_a[Madrid] : _bEscuela Española, _c1962. |
||
| 300 |
_a234 p. : _bil. ; _c22 cm. |
||
| 594 | _aPrecede al tít.: Instituto "San José de Calasanz de Pedagogía" | ||
| 650 |
_aTests de inteligencia. _917519 |
||
| 710 | 2 |
_aInstituto San José de Calasanz de Pedagogía _9163009 |
|
| 852 |
_aES-MaACL _jC-22009 |
||
| 999 |
_c69820 _d69820 |
||